00395nam a2200097Ia 4500008004100000041000800041100003300049245012300082260005000205650004200255191203s9999 xx 000 0 und d aeng aSandumini Lakshani Ekanayake 0aIsolation and Identification of Bioactive Compounds from Endolichenic Fungi in Lichens Collected from Negombo Lagoon. aInstitiute of Chemistri CeylonbColomboc2019 a"Seminar Reports ,Dissertations,2019"